00957nam a2200181 i 4500003000900000005001700009007000300026008004100029040003000070082001200100111013500112245010800247246010900355264009000464300004300554611008700597710009100684DO-SdBNP20230616091044.0ta220117e2021 dr acd|grt||| 001 0 spa d aDO-SdBNPbspacBNPHUerda 4bC7q2222 aAsamblean general de delegadosn(51 : d25 y 26 de noviembre, 2022:cJuan Dolio, San Pedro de Macorís: República Dominicana) 10a51 asamblea general ordinaria de delegados :binforme correspondiente al año fiscal 2021 /cCOOPNAMA aQuincuagésimo primero asamblea general ordinaria de delegados :binforme correspondiente al año 2014 aSanto Domingo :bCooperativa Nacional de Servicios Múltiples de los Maestros,c2021 a128 paginas . :bilustrados. ;c29 cm. aAsamblea general ordinariac(San Pedro de Macorís: República Dominicanad2021) aCooperativa Nacional de Servicios Múltiples de los Maestros (República Dominicana)